000 00271nam a2200097Ia 4500
008 220204s9999 xx 000 0 und d
100 _aSubbaram, N R
245 0 _aPlant protection of the results of R&D. Occasional paper. 11
260 _aMumbai
_bNABARD
_c2000
942 _cBK
999 _c44131
_d44131